000 00903nam a22002417a 4500
005 20090724143946.0
008 080708t xxu||||| |||| 00| 0 eng d
010 _aENG-94550
020 _a9788131305232
_c250.00
035 _aEN-78083
037 _bDBAD / PUB
040 _aDPL
_bEnglish
082 _a363.738498
100 _aMisra, S.G.
245 _aAgricultural pollution /
_cby S.G. Misra (and) Dinesh Mani
260 _aNew Delhi
_bAPH Publishing Corporation
_c2009
270 _a4435-36/7, Ansari Raod, Darya Ganj,
_bNew Delhi
_e110002
300 _aiv, 98p.
_c23cm(Hb)
500 _aIncludes references and index
700 _aMani, Dinesh
942 _2ddc
_cEN
_mMIS
_h363.738498
999 _c28630
_d28630